Diseño de un sistema de control de la producción en la Sección de Mantenimiento Mecánico de la Compañia Nacional de Fuerza y Luz "Taller Anonos"
Shranjeno v:
| Glavni avtor: | |
|---|---|
| Drugi avtorji: | , |
| Format: | Knjiga |
| Izdano: |
[San José, Costa Rica]
2011
|
| Teme: | |
| Oznake: |
Označite
Brez oznak, prvi označite!
|
MARC
| LEADER | 00000nam a2200000Ia 4500 | ||
|---|---|---|---|
| 003 | 010580 | ||
| 005 | 20221231144026.0 | ||
| 008 | 140114s2011 cr a 000 | s d | ||
| 040 | |c cru CEDI | ||
| 090 | |a TFG 6413 | ||
| 100 | |a Coto Rodriguez, Jose Ignacio |9 2417 | ||
| 245 | |a Diseño de un sistema de control de la producción en la Sección de Mantenimiento Mecánico de la Compañia Nacional de Fuerza y Luz "Taller Anonos" | ||
| 260 | |c 2011 |b [San José, Costa Rica] | ||
| 500 | |a Proyecto de graduación (licenciatura en ingeniería industrial)--Universidad de Costa Rica. Facultad de Ingeniería. Escuela de Ingeniería Industrial | ||
| 650 | |x CONTROL DE LA PRODUCCION |x SECCION TALLER ANONOS |x COMPAÑIA NACIONAL DE FUERZA Y LUZ (COSTA RICA) |9 2420 | ||
| 700 | |9 2418 |a Garro Montero, Valeria | ||
| 700 | |9 2419 |a Hernández Fallas, Juan Miguel | ||
| 942 | |c TFG | ||
| 999 | |c 15776 |d 15776 | ||
